000 01289nam a22002777a 4500
003 PE SENCICO BE
005 20251020182706.0
008 240220b |||||||| |||| 00| 0 eng d
040 _aPE SENCICO BE
_cPE SENCICO BE
041 _aspa
084 _aI
_aDIS
_a2017
_bR83
100 1 _91969
_aRoque Galarza, Johny Fernando
_eautor
245 1 _aTeoría de la antropometría y la ergonomía en espacios interiores /
_cJohny Fernando Roque Galarza
246 _aEstudio y propuesta de muebles ergonómico para oficinas
260 _aLima :
_c2017
300 _a[25] h. :
_bil. col. ;
_c30 x 40 cm.
502 _aMonografía de Titulación.-- Servicio Nacional de Capacitación para la Industria de la Construcción. Escuela Superior Técnica. Carrera Profesional Técnica en Diseño de Interiores, 2017
505 0 _av. 1. Teoría de la antropometría y la ergonomía en espacios interiores (tema teórico) -- v. 2. Estudio y propuesta de muebles ergonómicos para oficinas (tema práctico)
650 1 0 _944
_aDiseño de interiores
650 2 0 _9239
_aMuebles
650 2 0 _96
_aOficinas
650 2 0 _9615
_aPlanos
710 1 _aServicio Nacional de Capacitación para la Industria de la Construcción.
_bEscuela Superior Técnica
_91065
910 _bhfp
_chfp
942 _cMON
_2ddc
999 _c4955
_d4955